Berliner platz 2. Deutsch im alltag fur erwachsene. Lehr- und arbeitsbuch 2

Библиографические подробности
Главный автор: Lemcke C. Christiane
Другие авторы: Rohrmann L. Lutz (редактор), Scherling T. Theo, Koker A. Anne
Язык:немецкий
Опубликовано: Berlin, Langenscheidt, 2003
Предметы:
Формат: Книга
Запись в KOHA:https://koha.lib.tpu.ru/cgi-bin/koha/opac-detail.pl?biblionumber=333935

MARC

LEADER 00000nam0a2200000 4500
001 333935
005 20231102004615.0
010 |a 9783468478505 
035 |a (RuTPU)RU\TPU\book\359951 
035 |a RU\TPU\book\359949 
090 |a 333935 
100 |a 20170704d2003 m y0rusy50 ca 
101 0 |a ger 
102 |a DE 
105 |a a j 001zy 
200 1 |a Berliner platz 2. Deutsch im alltag fur erwachsene. Lehr- und arbeitsbuch 2  |f C. Lemcke, L. Rohrmann, T. Scherling  |g in zusammenarbeit mit A. Koker 
210 |a Berlin  |c Langenscheidt  |d 2003 
215 |a 269 p.  |c il. 
320 |a Alphabetische Wortliste: p. 259-271 
606 1 |a Немецкий язык  |x Учебные руководства и пособия для вузов  |2 stltpush  |3 (RuTPU)RU\TPU\subj\45394  |9 64636 
610 1 |a лексика 
610 1 |a грамматика 
610 1 |a упражнения 
610 1 |a письменная речь 
686 |a Ш143.24-923  |v LBC/SL-A  |2 rubbk 
700 1 |a Lemcke  |b C.  |g Christiane 
701 1 |a Rohrmann  |b L.  |g Lutz 
701 1 |a Scherling  |b T.  |g Theo 
702 1 |a Koker  |b A.  |g Anne  |4 340 
801 1 |a RU  |b 63413507  |c 20170703 
801 2 |a RU  |b 63413507  |c 20221209  |g RCR 
942 |c BK